Guess the Fusion Rock Song Lyrics #162 - Statistics

General Stats
  • This quiz has been taken 11 times
  • The average score is 137 of 184
Answer Stats
Answer % Correct
I
100%
in
100%
Oh
100%
love
89%
on
89%
the
89%
to
89%
you
89%
and
78%
be
78%
been
78%
Been
78%
for
78%
I'm
78%
is
78%
It's
78%
me
78%
no
78%
should
78%
think
78%
Lindsey Buckingham
67%
trouble
67%
what
67%
your
67%
Ah
56%
Let
56%
long
56%
shouldn't
56%
so
56%
yes
56%
double
44%
since
44%
Come
33%
come
33%
darling
33%
four
33%
hold
33%
really
33%
run
33%
saying
33%
stay
33%
three
33%
Two
33%
held
22%
keep
22%
warm
22%
anymore
11%
Forgotten
11%
goodnight
11%
honey
11%
No matching quizzes found
Score Distribution
Percent of People with Each Score
Percentile by Number Answered
Your Score History
You have not taken this quiz